000 02239nam a22002897a 4500
999 _c62916
_d62916
003 Ge_BSU
005 20250324164302.0
008 250320s2024 ge ||||| |||| 00| 0 geo d
020 _a9789941993091
041 _ageo
080 _a338.22 მ-97
245 _aმწვანე ტექნოლოგიების როლი ბიზნესის წარმატებასა და ქვეყნის ეკონომიკურ განვითარებაში :
_cრუსუდან კვარაცხელია, ნარგიზ ალასანია, ლევი გეონჯიანი, თინათინ როდონაია, ლევან კიკილაშვილი; დიზაინერი: დალი ჯვარშეიშვილი.
_b( მწვანე ბიზნესი) /
264 _aთბილისი:
_bსამშობლო:
_c2024.
300 _a388 გვ.:
_bილ.;
_c29 სმ.
500 _aწიგნის გამოცემა მხარდაჭერილია შოთა რუსთაველის ეროვნული სამეცნიერო ფონდის მიერ
504 _aბიბლ. გვ. 382- 388
653 _aმწვანე ბიზნესი
653 _aმწვანე ტექნოლოგიები
653 _aმეცნიერება და ბიზნესიმეცნიერებასა დ ბიზნესს შორის ურთიერთობის ეფექტიანი მართვის მოდელი.
700 _aკვარაცხელია, რუსუდან
_eავტორი
_924620
700 _aალასანია, ნარგიზ
_eავტორი
_91128
700 _aგეონჯიანი, ლევი
_eავტორი
_924621
700 _aროდონაია, თინათინ
_eავტორი
_924622
700 _aკიკილაშვილი, ლევან
_eავტორი
_924623
700 _aჯვარშეიშვილი, დალი
_eდიზაინერი
_924624
942 _2udc
_cBK